|
|
|
|
| LEADER |
00792nab a2200205 i 4500 |
| 001 |
publ10547 |
| 005 |
20221028105123.0 |
| 008 |
170215s1996 hu o 0|| zxx d |
| 022 |
|
|
|a 0006-3223
|
| 024 |
7 |
|
|a 10.1016/0006-3223(95)00377-0
|2 doi
|
| 024 |
7 |
|
|a 1032272
|2 mtmt
|
| 040 |
|
|
|a SZTE Publicatio Repozitórium
|b hun
|
| 041 |
|
|
|a zxx
|
| 100 |
1 |
|
|a Vécsei László
|
| 245 |
1 |
0 |
|a Huntington's disease, behavioral disturbances, and kynurenines
|h [elektronikus dokumentum] :
|b Preclinical findings and therapeutic perspectives /
|c Vécsei László
|
| 260 |
|
|
|a Plenum Press
|c 1996
|
| 300 |
|
|
|a 1061-1063
|
| 490 |
0 |
|
|a BIOLOGICAL PSYCHIATRY
|v 39 No. 12
|
| 700 |
0 |
1 |
|a Beal Flint M.
|e aut
|
| 856 |
4 |
0 |
|u http://publicatio.bibl.u-szeged.hu/10547/1/Vecsei_L._Huntington_D._and_kynurenines_u.pdf
|z Dokumentum-elérés
|